Greys Anatomy trivia - Statistics

General Stats
  • This quiz has been taken 1,122 times
  • The average score is 8 of 12
Answer Stats
Hint Answer % Correct
who was Derek's first wife's name? addison
95%
what is the name of merediths first child? zola
90%
what is the name of the bartender ? joe
87%
what was the name of Richards wife ? adele
84%
who was baileys son named after? george
84%
what did izzie stevens cut in order to help denny LVAD
76%
what did Derek live in? trailer
67%
what is the name of all five interns in season one? magic
61%
what did Meredith give her dad liver
60%
what was the name of Meredith's dog? doc
53%
what high school did meredith go to ? dartmouth
17%
what is the name of the bar across from the hospital? emeralds
1%
No matching quizzes found
Score Distribution
Percent of People with Each Score
Percentile by Number Answered
Your Score History
You have not taken this quiz